000 00689cam a2200241 4500
001 M2086
008 090401t xxu||||| |||| 00| 0 eng d
035 _a(Sirsi) u36388
041 _aeng
050 _a346.4104343
110 _aAssociation of British Insurers
_93272
245 _aReport of the ABI working party on the Landlord and Tenant (Covenants) Act 1995.
260 _aLondon
_bAssociation of British Insurers
_c1995?
300 _a9p. ; 30cm.
350 _a0
520 _aDraft clauses.
650 _aASSIGNMENT
650 _aLANDLORD AND TENANT (COVENANTS) ACT 1995
650 _aLEASES
690 _aPROPERTY-LANDLORD AND TENANT
942 _n0
948 _c04/03/1997
999 _c90269
_d90269